000 00791nam a2200217 a 4500
999 _c5364
_d5364
001 5364
003 BD-JhCC
005 20171218131824.0
008 171213s2014 bg |||| ||a| 00| 0 ben d
035 _a(BD-JhCC)v
040 _aBD-JhCC
_dBD-JhCC
041 _aben
082 _a517
_bAMD 2013
100 _a আহম্মেদ, প্রফেসর ড. পেয়ার
245 _aউচ্চতর গনিত প্রথম পত্র একাদশ দ্বাদশ শ্রেণি /
_cপ্রফেসর ড. পেয়ার আহম্মেদ
260 _aঢাকা :
_bপাঠকবন্ধু লাইব্রেরী,
_c২১০৩.
300 _a303 p. :
_c25 cm.
650 _aMathematical analysis
942 _2ddc
_cBK